01463nam a2200229Ia 4500008004100000020001500041041001200056082001100068100002000079245006600099260003600165300000800201650000700209700001500216942000700231999001500238952019600253952019600449952019600645952019600841952019601037221030s9999 xx 000 0 und d a8121917786 aEnglish a105.23 aS. P. E. Xavier 0aPrinciples of Control Systemscby S. P. E. Xavier, J. C. Babu bS. Chand & Co.aNew Delhic2008 a512 aEE aJ. C. Babu cBK c8851d8851 pBE 10400g250.00i91l0o105.23 eDurga Books, Amritsarr2024-06-13 00:00:00w2022-10-30yBK003Print4071aMIETLIBbMIETLIBcBL-Academic Block B, FL-1, CUP-79, SH-5, R-5d2010-02-2010HBE pBE 10401g250.00i91l0o105.23 eDurga Books, Amritsarr2024-06-13 00:00:00w2022-10-30yBK003Print4071aMIETLIBbMIETLIBcBL-Academic Block C, FL-2, CUP-32, SH-2, R-2d2010-02-2010HBE pBE 10402g250.00i91l0o105.23 eDurga Books, Amritsarr2024-06-13 00:00:00w2022-10-30yBK003Print4070aMIETLIBbMIETLIBcBL-Academic Block C, FL-2, CUP-32, SH-2, R-2d2010-02-2010HBE pBE 10403g250.00i91l0o105.23 eDurga Books, Amritsarr2024-06-13 00:00:00w2022-10-30yBK003Print4070aMIETLIBbMIETLIBcBL-Academic Block C, FL-2, CUP-32, SH-2, R-2d2010-02-2010HBE pBE 10404g250.00i91l0o105.23 eDurga Books, Amritsarr2024-06-13 00:00:00w2022-10-30yBK003Print4070aMIETLIBbMIETLIBcBL-Academic Block C, FL-2, CUP-32, SH-2, R-2d2010-02-2010HBE